Statistics for Julie Andrews Filmography

Click here to take the quiz!

General Stats

  • This quiz has been taken 112 times
    (26 since last reset)
  • The average score is 19 of 114

Answer Stats

TypeYearName% Correct
Film1964Mary Poppins
83%
Film1965The Sound of Music
83%
Film2001The Princess Diaries
63%
Film2004The Princess Diaries 2: Royal Engagement
54%
Film2010Despicable Me
42%
Film2017Despicable Me 3
38%
Film1982Victor/Victoria
38%
Theater1995-1997Victor/Victoria
38%
TV Film1995Victor/Victoria
38%
Film2004Shrek 2
33%
Film2007Shrek the Third
33%
Film2010Tooth Fairy
33%
Film1968Star!
29%
Film1966Torn Curtain
29%
Film197910
25%
Film2018Aquaman
25%
Film1966Hawaii
25%
Documentary1972Julie
25%
TV Show1992Julie
25%
Film2022Minions: The Rise of Gru
25%
Theater1956-1959My Fair Lady
25%
Theater1954-1955, 2005-2006The Boy Friend
25%
TV Film1992The King and I
25%
Film1967Thoroughly Modern Millie
25%
Theater1960-1962Camelot
21%
TV Special1989Julie & Carol: Together Again
21%
TV Special1962Julie and Carol at Carnegie Hall
21%
Film2010Shrek Forever After
21%
Film1981S.O.B.
21%
TV Show1956, 1961The Ed Sullivan Show
21%
TV Show1972-1973The Julie Andrews Hour
21%
Web Series2020-PresentBridgerton
17%
Theater1957Cinderella
17%
Film1970Darling Lili
17%
Film1986Duet for One
17%
Film2007Enchanted
17%
TV Film2001On Golden Pond
17%
TV Film1957Rodgers and Hammerstein's Cinderella
17%
Film1986That's Life!
17%
Award Show1970The 24th Annual Tony Awards
17%
Award Show1984The 38th Annual Tony Awards
17%
Award Show1991The 45th Annual Tony Awards
17%
Film1964The Americanization of Emily
17%
Film2017The King's Daughter
17%
Film2022The King's Daughter
17%
Film1983The Man Who Loved Women
17%
Film1976The Pink Panther Strikes Again
17%
Film1974The Tamarind Seed
17%
Documentary Mini-Series2004Broadway: The American Musical
13%
Theater1998-2001Doctor Dolittle
13%
TV Film2003Eloise at Christmastime
13%
TV Film2003Eloise at the Plaza
13%
TV Show1989-2014Great Performances
13%
TV Special1974Julie and Jackie: How Sweet It Is
13%
TV Special1978Julie Andrews: One Step Into Spring
13%
TV Film1975Julie: My Favourite Things
13%
TV Special1973Julie on Sesame Street
13%
Web Series2017Julie's Greenroom
13%
Film1980Little Miss Marker
13%
TV Film1999One Special Night
13%
TV Film1991Our Sons
13%
Web Mini-Series2023Queen Charlotte: A Bridgerton Story
13%
Film2000Relative Values
13%
TV Show1964The Andy Williams Show
13%
Short Film2004The Cat That Looked at a King
13%
TV Film1959The Gentle Flame
13%
TV Mini-Series1959The Julie Andrews Show
13%
TV Special1965The Julie Andrews Show
13%
TV Show1977The Muppet Show
13%
Film1982Trail of the Pink Panther
13%
Film1991A Fine Romance
8%
TV Special1969An Evening with Julie Andrews and Harry Belafonte
8%
TV Show1968A Spoonful of Sugar
8%
TV Show1969A World in Music
8%
TV Special1970A World of Love
8%
TV Show1996Caroline in the City
8%
TV Show1956Ford Star Jubilee
8%
Documentary1988Hanya: Portrait of a Pioneer
8%
TV Special1974Julie and Dick at Covent Garden
8%
TV Special1975Julie Andrews: One to One
8%
TV Film1987Julie Andrews: The Sound of Christmas
8%
TV Special1973Julie's Christmas Special
8%
TV Show1950Music-Hall
8%
Short Film2008Pip's Predicament: A Pop-Up Adventure
8%
Theater1993Putting It Together
8%
TV Show1948Rooftop Rendezvous
8%
Award Show1989The 5th Annual National WAIF Humanitarian Awards
8%
TV Show1960The Bell Telephone Hour
8%
TV Show1958The Big Record
8%
TV Show1980The CBS Festival of Lively Arts for Young People
8%
TV Show1957The DuPont Show of the Month
8%
TV Show1961-1962The Garry Moore Show
8%
TV Show1967The Linkletter Show
8%
TV Show1981The Magical World of Disney
8%
Short Documentary1971The Moviemakers
8%
Film1975The Return of the Pink Panther
8%
Film1949The Singing Princess
8%
TV Show1955Val Parnell's Sunday Night at the London Palladium
8%
TV Special1988AFI Life Achievement Award: A Tribute to Jack Lemmon
4%
TV Documentary1998Hey, Mr. Producer! The Musical World of Cameron Mackintosh
4%
Short Documentary2005Julie Andrews and Christopher Plummer: A Reminiscence
4%
TV Documentary2019Julie Andrews - La Mélodie de la vie
4%
Documentary2005My Favorite Things: Julie Andrews Remembers
4%
TV Show2001Paraíso Filmes
4%
Short Documentary1965Salzburg Sight and Sound
4%
TV Special1993Sound of Orchestra
4%
TV Show1958The Dinah Shore Chevy Show
4%
Documentary2015The Sound of a City: Julie Andrews Returns to Salzburg
4%
TV Special1995The Sound of Julie Andrews
4%
Short Documentary1967Think Twentieth
4%
TV Film1971Julie and Carol at Lincoln Center
0%
Theater1949R A D A Cabaret
0%
Film1997The Postman
0%
TV Show2010Todos Contra Juan
0%

Score Distribution

Percentile by Number Answered

Percent of People with Each Score

Your Score History

You have not taken this quiz since the last reset